Länder mit deutschsprachiger Bevölkerung - Statistiken

Allgemein
  • Dieses Quiz wurde 868 mal gespielt
    848 seit der letzten Aktualisierung
  • Das Durchschnittsergebnis liegt bei 33 aus 44
Antwortstatistiken
Anzahl (ca.) Antwort % Korrekt
77 Mio. Deutschland
100%
7,57 Mio. Österreich
100%
5 Mio. Schweiz
99%
1,1 Mio. USA
97%
310.000 Italien
95%
96.000 Polen
95%
862.000 Russland
94%
78.000 Belgien
93%
1,2 Mio. Frankreich
93%
386.000 Niederlande
93%
25.900 Dänemark
92%
474.000 Luxemburg
92%
100.000 Spanien
92%
39.100 Tschechien
92%
438.000 Kanada
91%
1,5 Mio. Brasilien
88%
77.000 Vereinigtes Königreich
88%
400.000 Argentinien
83%
35.365 Liechtenstein
82%
5.500 Slowakei
82%
79.000 Australien
81%
1.600 Slowenien
81%
3.000 Kroatien
80%
90.000 Mexiko
79%
200.000 Ungarn
79%
25.000 Türkei
78%
45.000 Griechenland
75%
45.000 Rumänien
72%
5.000 Serbien
72%
38.000 Ukraine
72%
20.000 Chile
71%
100.000 Irland
70%
400.000 Südafrika
68%
2.000 Estland
67%
3.000 Lettland
67%
3.000 Litauen
67%
37.000 Neuseeland
67%
30.000 Namibia
61%
200.000 Israel
47%
358.000 Kasachstan
45%
25.000 Thailand
41%
166.000 Paraguay
37%
30.000 Dominikanische Republik
13%
20.000 Kirgisistan
10%
Keine übereinstimmenden Quizze gefunden
Verteilung der Resultate
Anzahl Personen mit jedem Resultat
Perzentil nach korrekt beantworteten Fragen
Ihre Resultats-Entwicklung
Sie haben dieses Quiz seit der letzten Aktualisierung nicht gespielt